[Event "FRA-ch op-B"]
[Site "Chartres"]
[Date "2019.??.??"]
[Round "4"]
[White "Pinson, Alexis"]
[Black "Le Solleu, Guillaume"]
[Result "1-0"]
[WhiteElo "1837"]
[BlackElo "1833"]
[PlyCount "55"]
[EventDate "2019.08.17"]
[EventType "swiss"]
[EventRounds "9"]
[EventCountry "FRA"]
[SourceTitle "EXT 2020"]
[Source "ChessBase"]
[SourceDate "2019.10.17"]
[SourceVersion "1"]
[SourceVersionDate "2019.10.17"]
[SourceQuality "1"]

1. e4 c5 2. Nc3 e6 3. Nf3 a6 4. d4 cxd4 5. Nxd4 b5 6. a3 Bb7 7. Bd3 Qb6 8. Nf3 Qc7 9. 0-0 Nc6 10. Be3 Nf6 11. Qd2 d6 12. Rfe1 Ng4 13. Bf4 Nge5 14. Nxe5 dxe5 15. Be3 Be7 16. Qe2 0-0 17. Qg4 Nd4 18. Bh6 Bf6 19. Re3 Kh8 20. Bg5 Qe7 21. h4 h6 22. Rh3 Kh7 23. f4 g6 24. fxe5 Bxg5 25. hxg5 h5 26. Nd5 exd5 27. exd5 Qxe5 28. Qxh5+ 1-0